[Event "CZE-chT2D 1617"]
[Site "Czech Republic"]
[Date "2016.11.27"]
[Round "4.7"]
[White "Vavra, Radim"]
[Black "Ambroz, Antonin"]
[Result "1-0"]
[WhiteElo "2090"]
[BlackElo "1993"]
[PlyCount "57"]
[EventDate "2016.10.09"]
[EventType "team-tourn"]
[EventRounds "11"]
[EventCountry "CZE"]
[SourceTitle "EXT 2022"]
[Source "ChessBase"]
[SourceDate "2021.10.06"]
[SourceVersion "1"]
[SourceVersionDate "2021.10.06"]
[SourceQuality "1"]
[WhiteTeam "Pardubice Rapid II"]
[BlackTeam "Lanskroun"]
[WhiteTeamCountry "CZE"]
[BlackTeamCountry "CZE"]

1. e4 e5 2. Nf3 Nc6 3. Bc4 Nf6 4. d3 Bc5 5. c3 0-0 6. 0-0 d6 7. Re1 Na5 8. Bb5 c6 9. Ba4 b5 10. Bc2 Bb6 11. Nbd2 Ng4 12. d4 Nc4 13. Nxc4 bxc4 14. h3 Nf6 15. dxe5 dxe5 16. Qxd8 Rxd8 17. Nxe5 Be6 18. Nxc6 Re8 19. Be3 Bd7 20. Nb4 Rab8 21. Bxb6 Rxb6 22. e5 Nh5 23. Rad1 a5 24. Rxd7 axb4 25. cxb4 Nf4 26. a3 f6 27. Re4 fxe5 28. Rxc4 Ne6 29. Re4 1-0

[Event "CZE-chT2D 1314"]
[Site "Czech Republic"]
[Date "2014.02.16"]
[Round "8.7"]
[White "Houska, Bronislav"]
[Black "Vavra, Radim"]
[Result "1/2-1/2"]
[WhiteElo "2036"]
[BlackElo "2040"]
[PlyCount "83"]
[EventDate "2013.11.03"]
[EventType "team-tourn"]
[EventRounds "11"]
[EventCountry "CZE"]
[SourceTitle "EXT 2016"]
[Source "ChessBase"]
[SourceDate "2015.10.08"]
[SourceVersion "1"]
[SourceVersionDate "2015.10.08"]
[SourceQuality "1"]
[WhiteTeam "Policka"]
[BlackTeam "Pardubice AKIS"]
[WhiteTeamCountry "CZE"]
[BlackTeamCountry "CZE"]

1. c4 e5 2. g3 Nc6 3. Nc3 g6 4. Bg2 Bg7 5. e4 d6 6. d3 Nge7 7. Nge2 0-0 8. 0-0 Be6 9. Nd5 Qd7 10. Bg5 f6 11. Be3 f5 12. Qd2 Rf7 13. Rac1 Raf8 14. b4 Nd4 15. Nxd4 exd4 16. Bg5 Nc6 17. Nf4 Kh8 18. Nxe6 Qxe6 19. exf5 Qxf5 20. f4 Re8 21. Be4 Qc8 22. Rce1 Ne7 23. Qg2 c6 24. g4 Qd7 25. Qh3 d5 26. cxd5 cxd5 27. Bf3 h5 28. Qh4 Kg8 29. Bxe7 Rfxe7 30. Rxe7 Qxe7 31. Qxe7 Rxe7 32. gxh5 gxh5 33. Bxh5 Re3 34. Bf3 Rxd3 35. Bxd5+ Kf8 36. Bxb7 Ke7 37. Ba6 Ra3 38. Bc4 Ra4 39. Re1+ Kf6 40. Re6+ Kf5 41. Re7 Bf6 42. Rf7 1/2-1/2

[Event "Tatry op"]
[Site "Tatranske Zruby"]
[Date "2011.09.27"]
[Round "4"]
[White "Vavra, Radim"]
[Black "Skreno, Vladimir"]
[Result "0-1"]
[WhiteElo "2045"]
[BlackElo "2178"]
[PlyCount "52"]
[EventDate "2011.09.25"]
[EventType "swiss"]
[EventRounds "9"]
[EventCountry "SVK"]
[SourceTitle "CBM 144 Extra"]
[Source "ChessBase"]
[SourceDate "2011.10.28"]
[SourceVersion "1"]
[SourceVersionDate "2011.10.28"]
[SourceQuality "1"]

1. e4 c5 2. d3 Nc6 3. g3 g6 4. Bg2 Bg7 5. f4 d6 6. Nf3 e6 7. 0-0 Nge7 8. c3 0-0 9. Be3 Bd7 10. Qd2 Rc8 11. Na3 a6 12. d4 cxd4 13. Nxd4 d5 14. exd5 Nxd5 15. Bf2 Nxd4 16. Bxd4 Bxd4+ 17. Qxd4 Bc6 18. Nc4 Nxc3 19. Qxd8 Ne2+ 20. Kf2 Rfxd8 21. Bxc6 Rxc6 22. Ne5 Rc2 23. Ke3 Nd4 24. Rf2 Nf5+ 25. Kf3 Rxf2+ 26. Kxf2 Rd2+ 0-1

[Event "Tatry op"]
[Site "Tatranske Zruby"]
[Date "2009.09.30"]
[Round "5"]
[White "Vavra, Radim"]
[Black "Rachela, Milan"]
[Result "0-1"]
[WhiteElo "2049"]
[BlackElo "2346"]
[PlyCount "68"]
[EventDate "2009.09.27"]
[EventType "swiss"]
[EventRounds "9"]
[EventCountry "SVK"]
[SourceTitle "EXT 2011"]
[Source "ChessBase"]
[SourceDate "2010.11.26"]
[SourceVersion "1"]
[SourceVersionDate "2010.11.26"]
[SourceQuality "1"]

1. e4 e5 2. Nf3 Nc6 3. Bb5 a6 4. Ba4 Nf6 5. d3 Bc5 6. c3 d6 7. 0-0 Ba7 8. Be3 0-0 9. Bxa7 Rxa7 10. Nbd2 Ne7 11. d4 Ng6 12. Re1 Ra8 13. Bb3 Bd7 14. a4 Bc6 15. Bc2 Re8 16. d5 Bd7 17. b4 Nh5 18. c4 a5 19. bxa5 Rxa5 20. Re3 Qf6 21. Rea3 Rea8 22. Qb1 b6 23. Qb4 Nhf4 24. Nf1 Bg4 25. Bd1 h5 26. Qe1 Nxg2 27. Kxg2 Bxf3+ 28. Bxf3 Nh4+ 29. Kh3 Rxa4 30. Bxh5 Rxa3+ 31. Rxa3 Rxa3+ 32. Ng3 g6 33. Qc1 Ra2 34. Qh6 Qf4 0-1

[Event "Tatry op"]
[Site "Tatranske Zruby"]
[Date "2009.09.27"]
[Round "1"]
[White "Vavra, Radim"]
[Black "Dolezal, Radoslav1111"]
[Result "1/2-1/2"]
[WhiteElo "2049"]
[BlackElo "1986"]
[PlyCount "139"]
[EventDate "2009.09.27"]
[EventType "swiss"]
[EventRounds "9"]
[EventCountry "SVK"]
[SourceTitle "EXT 2011"]
[Source "ChessBase"]
[SourceDate "2010.11.26"]
[SourceVersion "1"]
[SourceVersionDate "2010.11.26"]
[SourceQuality "1"]

1. e4 e5 2. Nf3 Nc6 3. Bb5 a6 4. Ba4 Nf6 5. d3 b5 6. Bb3 Be7 7. 0-0 0-0 8. Re1 d6 9. c3 Na5 10. Bc2 c5 11. Nbd2 Qc7 12. Nf1 Bb7 13. d4 cxd4 14. cxd4 Rac8 15. Bb1 Nc4 16. b3 Nb6 17. Bb2 Nbd7 18. Ng3 g6 19. Bd3 Rfe8 20. Qd2 Bf8 21. Rac1 Qb8 22. Bb1 Bg7 23. dxe5 dxe5 24. Ba3 Re6 25. Rxc8+ Qxc8 26. Rc1 Rc6 27. Rd1 Bf8 28. Bxf8 Qxf8 29. Qg5 h6 30. Qe3 Kg7 31. h4 Qc5 32. Qe2 Rd6 33. Rxd6 Qxd6 34. h5 Nc5 35. Nd2 Ne6 36. Ndf1 Nf4 37. Qf3 N4xh5 38. Nxh5+ Nxh5 39. Qe3 Nf4 40. g3 Ne6 41. Qa7 Qc7 42. a4 Bc8 43. Qe3 Qc5 44. Qd3 Nd4 45. Kg2 Be6 46. axb5 Qxb5 47. Qxb5 axb5 48. b4 Nc6 49. Bd3 Nd4 50. Ne3 Kf8 51. f4 f6 52. Kf2 Ke7 53. Nd1 Bc4 54. Bxc4 bxc4 55. Nc3 Kd6 56. Nd5 f5 57. Nb6 exf4 58. Nxc4+ Ke7 59. gxf4 fxe4 60. Ke3 Nc2+ 61. Kxe4 Nxb4 62. Ne5 Kf6 63. Ng4+ Kg7 64. f5 g5 65. f6+ Kg6 66. f7 Kxf7 67. Nxh6+ Kg6 68. Nf7 Kxf7 69. Kf5 Nd5 70. Kxg5 1/2-1/2

[Event "Tatry op"]
[Site "Tatranske Zruby"]
[Date "2003.09.29"]
[Round "4"]
[White "Schwarz, Dusan"]
[Black "Vavra, Radim"]
[Result "1-0"]
[WhiteElo "2272"]
[BlackElo "2091"]
[PlyCount "59"]
[EventDate "2003.09.27"]
[EventType "swiss"]
[EventRounds "9"]
[EventCountry "SVK"]
[SourceTitle "CBM 096 Extra"]
[Source "ChessBase"]
[SourceDate "2003.10.22"]
[SourceVersion "2"]
[SourceVersionDate "2003.10.20"]
[SourceQuality "1"]

1. e4 c5 2. Nf3 d6 3. d4 cxd4 4. Nxd4 Nf6 5. Nc3 Nc6 6. Be2 e6 7. 0-0 Be7 8. Be3 0-0 9. f4 a6 10. a4 Qc7 11. Kh1 Re8 12. Bf3 Bd7 13. Nb3 b6 14. g4 Bc8 15. g5 Nd7 16. Bg2 Bb7 17. Qh5 g6 18. Qh3 Nb4 19. f5 exf5 20. exf5 Ne5 21. Nd4 Rac8 22. Ne4 Nd5 23. Bg1 Bf8 24. b3 b5 25. axb5 axb5 26. Ra7 Rb8 27. Nxb5 Qxc2 28. Nbc3 Qxg2+ 29. Qxg2 Nxc3 30. Rxb7 1-0

[Event "CZE-chT2V 0203"]
[Site "Czech Republic"]
[Date "2002.??.??"]
[Round "7"]
[White "Vavra, Radim"]
[Black "Splichal, Petr"]
[Result "1-0"]
[WhiteElo "2083"]
[BlackElo "2075"]
[PlyCount "71"]
[EventDate "2002.10.??"]
[EventType "team"]
[EventRounds "11"]
[EventCountry "CZE"]
[SourceTitle "EXT 2007"]
[Source "ChessBase"]
[SourceDate "2006.11.23"]
[SourceVersion "1"]
[SourceVersionDate "2006.11.23"]
[SourceQuality "1"]
[WhiteTeam "Polabiny III"]
[BlackTeam "Havlickuv Brod"]
[WhiteTeamCountry "CZE"]
[BlackTeamCountry "CZE"]

1. e4 e6 2. d3 d5 3. Nd2 Nf6 4. Ngf3 b6 5. g3 Be7 6. Bg2 0-0 7. 0-0 c6 8. Re1 a5 9. e5 Nfd7 10. Nf1 Ba6 11. h4 c5 12. N1h2 Re8 13. Bh3 Nf8 14. Ng4 Nbd7 15. c3 f5 16. exf6 Bxf6 17. d4 Ra7 18. h5 Rc7 19. Bf4 Rc6 20. Qd2 cxd4 21. cxd4 Qe7 22. Nge5 Bxe5 23. Bxe5 Rec8 24. h6 Nxe5 25. Nxe5 Rc2 26. Qe3 gxh6 27. Qxh6 Qg7 28. Bxe6+ Nxe6 29. Qxe6+ Kh8 30. Nf7+ Kg8 31. Nd6+ Kh8 32. Nxc8 Rxc8 33. Qxc8+ Bxc8 34. Re8+ Qg8 35. Rxg8+ Kxg8 36. Rc1 1-0

[Event "CZE-chTV 0102"]
[Site "Czech Republic"]
[Date "2001.??.??"]
[Round "3"]
[White "Hajek, Jaroslav"]
[Black "Vavra, Radim"]
[Result "0-1"]
[WhiteElo "2092"]
[BlackElo "2087"]
[PlyCount "50"]
[EventDate "2001.??.??"]
[EventType "team"]
[EventRounds "11"]
[EventCountry "CZE"]
[SourceTitle "EXT 2003"]
[Source "ChessBase"]
[SourceDate "2002.11.25"]
[SourceVersion "1"]
[SourceVersionDate "2002.11.25"]
[SourceQuality "1"]
[WhiteTeam "Chrudim II"]
[BlackTeam "Infinity C"]
[WhiteTeamCountry "CZE"]
[BlackTeamCountry "CZE"]

1. e4 c5 2. Nf3 d6 3. d4 cxd4 4. Qxd4 Nc6 5. Bb5 Bd7 6. Bxc6 Bxc6 7. Nc3 Nf6 8. Bg5 e6 9. 0-0-0 Be7 10. Rhe1 0-0 11. e5 dxe5 12. Qh4 Qc7 13. Nxe5 Rfe8 14. Rd3 Rac8 15. Nxc6 Qxc6 16. Rh3 Kf8 17. Rf3 Red8 18. Rd1 Rxd1+ 19. Kxd1 Rd8+ 20. Ke1 Qb6 21. b3 Qa5 22. Bd2 Bb4 23. Qf4 Rxd2 24. Kxd2 Bxc3+ 25. Rxc3 Qxc3+ 0-1

[Event "CZE-chTV 0001"]
[Site "Czech Republic"]
[Date "2001.??.??"]
[Round "3"]
[White "Kolar, Pavel"]
[Black "Vavra, Radim"]
[Result "1-0"]
[WhiteElo "2125"]
[BlackElo "2110"]
[PlyCount "85"]
[EventDate "2000.??.??"]
[EventType "team"]
[EventRounds "11"]
[EventCountry "CZE"]
[SourceTitle "EXT 2003"]
[Source "ChessBase"]
[SourceDate "2002.11.25"]
[SourceVersion "1"]
[SourceVersionDate "2002.11.25"]
[SourceQuality "1"]

1. e4 c5 2. Nc3 Nc6 3. f4 g6 4. Nf3 Bg7 5. Bb5 Nd4 6. a4 e6 7. Nxd4 cxd4 8. Ne2 Ne7 9. 0-0 a6 10. Bd3 0-0 11. b3 Nc6 12. Ba3 d6 13. e5 dxe5 14. Bxf8 Qxf8 15. c3 Qd6 16. Kh1 exf4 17. Rxf4 dxc3 18. dxc3 Bxc3 19. Bxg6 Qxd1+ 20. Rxd1 hxg6 21. Nxc3 e5 22. Re4 Bf5 23. Re3 f6 24. h3 Kf7 25. Ne4 Ke7 26. Nd6 Bc2 27. Rd2 Rb8 28. Nc8+ Rxc8 29. Rxc2 Rd8 30. Rg3 Kf7 31. b4 Rd1+ 32. Kh2 Rb1 33. Rc4 Rxb4 34. Rxb4 Nxb4 35. Rb3 a5 36. Rc3 Nd5 37. Rc5 Ke6 38. Rxa5 Kd6 39. Ra8 e4 40. a5 e3 41. Kg3 b5 42. a6 Nc7 43. Rb8 1-0